Prevenció d'incendis forestals
Descripción Física:
1 fulletó ; il. col. ; 10 x 21 cm.
Idioma:
Catalán
MARC
| LEADER | 00000nam a22000007a 4500 | ||
|---|---|---|---|
| 001 | 28561 | ||
| 003 | AGDB | ||
| 005 | 20260324181525.0 | ||
| 008 | 230228b spa||||| |||| 00| 0 cat d | ||
| 017 | |a B 11946-2023 | ||
| 040 | |a agdb |b cat | ||
| 245 | |a Prevenció d'incendis forestals | ||
| 260 | |a Barcelona : |b Diputació de Barcelona. Xarxa de Parcs Naturals ; |c 2023 | ||
| 300 | |a 1 fulletó ; |b il. col. ; |c 10 x 21 cm. | ||
| 650 | 0 | |9 50256 |a Incendis forestals |x Prevenció i control | |
| 655 | 0 | |a Fulletons |9 55858 | |
| 710 | 1 | |9 7250 |a Barcelona (Catalunya : Província). |b Xarxa de Parcs Naturals | |
| 942 | |2 udc |c ARXIU |n 1 | ||
| 952 | |0 0 |1 0 |4 0 |6 FU7764 |7 1 |9 97314 |a Arxiu |b Arxiu |d 2024-07-26 |l 0 |o FU-77-64 |p 28561 |r 2024-07-26 00:00:00 |w 2024-07-26 |y ARXIU | ||
| 999 | |c 129165 |d 129165 | ||